000 00624nam a2200205 4500
001 111084
003 ES-MaACL
005 20230906185233.0
007 t|
008 061121s1961 sp r ||||1| spa d
100 1 _aNagel, Ernest.
_984838
245 1 3 _aLa lógica sin metafísica /
_cErnest Nagel ; [traducción de Jaime Melgar Botassis].
260 _aMadrid :
_bTecnos,
_c1961.
300 _a362 p. ;
_c24 cm.
490 1 _aEstructura y función ;
_v5
700 1 _aMelgar Botassis, Jaime.
_979950
830 0 _aEstructura y función ;
_v5
_9181428
852 _aES-MaACL
_jC-26729
_bR.55740
999 _c111084
_d111084